ბათუმის შოთა რუსთაველის სახელმწიფო უნივერსიტეტის ბიბლიოთეკა

თხზულებანი (ბიბ.ჩანაწერი № 42878)

000 -LEADER
fixed length control field 00563nam a2200205Ia 4500
001 - CONTROL NUMBER
control field 9586
003 - CONTROL NUMBER IDENTIFIER
control field GE_BSU
008 - FIXED-LENGTH DATA ELEMENTS--GENERAL INFORMATION
fixed length control field 181216s||||||||xx |||||||||||||| ||und||
040 ## - CATALOGING SOURCE
Transcribing agency GE_BSU
080 ## - UNIVERSAL DECIMAL CLASSIFICATION NUMBER
Universal Decimal Classification number 821.353.1
100 ## - MAIN ENTRY--PERSONAL NAME
Personal name მეგრელი,დუტუ
245 ## - TITLE STATEMENT
Title თხზულებანი
245 ## - TITLE STATEMENT
Statement of responsibility, etc. რედ. ს.ჭილაია.
260 ## - PUBLICATION, DISTRIBUTION, ETC.
Place of publication, distribution, etc. თბილისი
260 ## - PUBLICATION, DISTRIBUTION, ETC.
Name of publisher, distributor, etc. სახელგამი
260 ## - PUBLICATION, DISTRIBUTION, ETC.
Date of publication, distribution, etc. 1948
300 ## - PHYSICAL DESCRIPTION
Extent 272გვ.პორტრ.21სმ.
653 ## - INDEX TERM--UNCONTROLLED
Uncontrolled term თხზულებანი
942 ## - ADDED ENTRY ELEMENTS (KOHA)
Koha item type წიგნი
ეგზემპლარები
Withdrawn status Lost status Damaged status Not for loan Date acquired Barcode Date last seen Price effective from Koha item type Public note
        2018-12-17 32466 2018-12-17 2018-12-17 წიგნი  
        2018-12-17 32467 2018-12-17 2018-12-17 წიგნი  
        2018-12-17 32468 2018-12-17 2018-12-17 წიგნი  
        2018-12-17 41541 2018-12-17 2018-12-17 წიგნი აგრარული ტექ.ფაკ.